000 00319nam a22001337a 4500
020 _a9789695814734
082 _a891.4391 BUS
100 _aBushra Khatoon. Dr
_969534
245 _aAda-e-sukhan
260 _aFaisalabad
_bMishal Publisher
_c2019
300 _a212 P
650 _aURDU ADAB-POETRY
_928226
942 _cBK
999 _c576775
_d576775